000 01899cam a2200457 i 4500
001 129555
005 20230410105153.0
008 160711t20172017nyuab b 001 0 eng
035 _a19171416
010 _a 2016031588
020 _a9780393254365 (hardcover)
040 _aDLC
_beng
_cDLC
_erda
_dDLC
041 _aspa
042 _apcc
043 _ae-gx---
_ae------
050 1 4 _aD 804.3
_bH418w 2017
082 0 0 _a940.53/1811
100 1 _aHayes, Peter,
_d1946-
245 1 0 _aWhy? :
_bexplaining the Holocaust /
_cPeter Hayes.
250 _aFirst edition.
260 _aNew York ;
_aLondon :
_bW. W. Norton & Company,
_c[2017]
300 _axvi, 412 p. :
_bill., maps ;
_c25 cm
504 _aIncludes bibliographical references (pages 367-390) and index.
505 0 _aWhy another book on the Holocaust? -- Targets: why the Jews? -- Attackers: why the Germans? -- Escalation: why murder? -- Annihilation: why this swift and sweeping? -- Victims: why didn't more Jews fight back more often? -- Homelands: why did survival rates diverge? -- Onlookers: why such limited help from outside? -- Aftermath: what legacies, what lessons?
650 0 _aHolocaust, Jewish (1939-1945)
650 0 _aHolocaust, Jewish (1939-1945)
_xCauses.
650 0 _aAntisemitism
_zGermany
_xHistory
_y20th century.
650 0 _aJews
_zGermany
_xHistory
_y20th century.
650 0 _aJews
_xPersecutions
_zEurope
_xHistory
_y20th century.
651 0 _aGermany
_xHistory
_y1933-1945.
651 0 _aGermany
_xEthnic relations.
650 4 _aHolocausto judío (1939-1945).
650 4 _aHolocausto judío (1939-1945)
_xCausas.
650 4 _aAntisemitismo
_zAlemania
_y1933-1945.
650 4 _aJudíos
_zEuropa
_y1939-1945.
650 4 _aPercecuciones de los judíos.
650 4 _aJudíos
_xHistoria
_zAlemania
_y1933-1945
651 4 _aAlemania
_xHistoria
_y1933-1945
942 _2lcc
_cbk
946 _adpf
999 _c31446
_d31446